The Next Step Characters - Season 1 - Statistics

General Stats
  • This quiz has been taken 64 times
  • The average score is 13 of 16
Answer Stats
Answer % Correct
Emily
100%
Riley
100%
West
100%
James
98%
Eldon
95%
Giselle
95%
Tiffany
95%
Michelle
93%
Stephanie
93%
Chloe
89%
Daniel
85%
Noah
60%
Chris
56%
Richelle
56%
Beth
44%
Miss Kate
42%
No matching quizzes found
Score Distribution
Percent of People with Each Score
Percentile by Number Answered
Your Score History
You have not taken this quiz